Szczegóły MARC21

Zarządzanie produktem w łańcuchu dostaw w dobie transformacji cyfrowej /

003 -Nazwa inst., której nr kontr. jest w polu 001 [,]
    • @
    • Nazwa instytucji, której n kontrolny jest w polu 001
    • NUKAT
005 -DATA I CZAS OSTATNIEJ MODYFIKACJI [,]
    • @
    • pole kontrolne
    • 20241231114658.0
020 -Międzynarod. znormalizowany nr książki - ISBN [ , ]
    • a
    • Numer ISBN
    • 9788376959948 Find
    • q
    • Dopowiedzenie
    • dla wersji papierowej
020 -Międzynarod. znormalizowany nr książki - ISBN [ , ]
    • a
    • Numer ISBN
    • 9788376959955 Find
    • q
    • Dopowiedzenie
    • dla wersji elektronicznej
040 -Instytucja sporządzająca opis [ , ]
    • a
    • Instytucja, która sporządziła opis (NP)
    • Ł U/GS
    • b
    • Język katalogowania
    • pol
    • e
    • Zasady katalogowania
    • rda
    • c
    • Instytucja, która sporządziła rekord (NP)
    • Ł U/GS
    • d
    • Instytucja, która zmodyfikowała rekord (P)
    • Ł U/GS
    • d
    • Instytucja, która zmodyfikowała rekord (P)
    • WR 004/SCH
    • d
    • Instytucja, która zmodyfikowała rekord (P)
    • Ł U/APs
    • d
    • Instytucja, która zmodyfikowała rekord (P)
    • Ł U/GS
041 -Język dokumentu [0, ]
    • a
    • Język tekstu (P)
    • polski
    • b
    • Język streszczeń lub abstraktu (P)
    • angielski
942 -Rodzaj dokumentu [ , ]
    • c
    • Rodzaj dokumentu
    • Książka
100 -Hasło główne - nazwa osobowa [1, ]
    • a
    • Nazwa osobowa (NP)
    • Szozda, Natalia.
    • e
    • Rodzaj współpracy
    • Autor
    • 9
    • KHW
    • 427721
245 -Strefa tytułu i oznaczenia odpowiedzialności [1,0]
    • a
    • Tytuł
    • Zarządzanie produktem w łańcuchu dostaw w dobie transformacji cyfrowej / Find
    • c
    • Pozostałe elementy strefy tytułu i oznaczenia odpowiedzialności (NP)
    • Natalia Szozda.
260 -Strefa adresu wydawniczego [ , ]
    • a
    • Miejsce wydania (P)
    • Wrocław :
    • b
    • Nazwa wydawcy (P)
    • Wydawnictwo Uniwersytetu Ekonomicznego,
    • c
    • Data wydania (P)
    • 2022.
300 -Strefa opisu fizycznego [ , ]
    • a
    • Określenie formy książki i/lub objętość (NP)
    • 301 stron :
    • b
    • Oznaczenie ilustracji (NP)
    • ilustracje ;
    • c
    • Format (NP)
    • 24 cm.
336 -Typ zawartości [ , ]
    • a
    • Termin opisujący typ zawartości
    • Tekst
    • b
    • Kod określający zawartość
    • txt
    • 2
    • Źródło (terminu i kodu)
    • rdacontent
337 -Typ mediów [ , ]
    • a
    • Tryb odtwarzania
    • Bez urządzenia pośredniczącego
    • b
    • Kod typu mediów
    • n
    • 2
    • Źródło (terminu i kodu)
    • rdamedia
338 -Typ/rodzaj nośnika [ , ]
    • a
    • Hasło opisujące typ nośnika
    • Wolumin
    • b
    • Kod typu nośnika
    • nc
    • 2
    • Źródło (terminu i kodu)
    • rdacarrier
490 -Strefa serii i książki wielotomowej - forma nie do wyszukiwania [1, ]
    • a
    • Tytuł (P)
    • Monografie i Opracowania, Find
    • x
    • ISSN (NP)
    • 2084-6193 ;
    • v
    • Numeracja (P)
    • nr 310
830 -Hasło dodatkowe serii i opisu książki wielotomowej - tytuł ujednolicony/tytuł [ ,0]
    • a
    • Tytuł ujednolicony/tytuł (NP)
    • Monografie i Opracowania - Uniwersytet Ekonomiczny we Wrocławiu
    • x
    • ISSN
    • 2084-6193
    • v
    • Oznaczenie tomu (NP)
    • Nr 310
    • 9
    • KHW
    • 47505
504 -Uwaga dot. bibliogr. załącznikowej [ , ]
    • a
    • Uwaga dot. bibliografii załącznikowej
    • Bibliografia na stronach 264-282.
530 -Uwaga dot. innej postaci fizycznej dokumentu [ , ]
    • a
    • Uwaga dot. innej postaci fizycznej dokumentu
    • Dostępne również w formie elektronicznej.
536 -Uwaga dot. finansowania książki [ , ]
    • a
    • Tekst uwagi
    • Projekt finansowany w ramach programu Ministra Edukacji i Nauki pod nazwą "Regionalna Inicjatywa Doskonałości" w latach 2019-2023
546 -Uwaga dot. języka [ , ]
    • a
    • Uwaga dot. języka
    • Streszczenie w języku angielskim.
650 -Hasło przedmiotowe [ ,7]
    • a
    • Hasło przedmiotowe
    • Zarządzanie produktem
    • x
    • Określnik rzeczowy
    • innowacje.
    • 2
    • Źródło terminu
    • kaba
    • 9
    • KHW
    • 682657
650 -Hasło przedmiotowe [ ,7]
    • a
    • Hasło przedmiotowe
    • Nowa gospodarka.
    • 2
    • Źródło terminu
    • kaba
    • 9
    • KHW
    • 602426
650 -Hasło przedmiotowe [ ,7]
    • a
    • Hasło przedmiotowe
    • Logistyka (organizacja)
    • x
    • Określnik rzeczowy
    • innowacje.
    • 2
    • Źródło terminu
    • kaba
    • 9
    • KHW
    • 367428
710 -Hasło dodatkowe - nazwa ciała zbiorowego [2, ]
    • a
    • Nazwa ciała zbiorowego lub nazwa geograficzna jako pierwszy element (NP)
    • Uniwersytet Ekonomiczny (Wrocław).
    • b
    • Nazwa jednostki podrzędnej (P)
    • Wydawnictwo.
    • e
    • Rodzaj współpracy
    • Wydawca
    • 4
    • Kod relacji
    • pbl
    • 9
    • KHW
    • 53273
920 -ISBN [ , ]
    • a
    • ISBN
    • 978-83-7695-994-8 Find
    • q
    • Dopowiedzenie
    • dla wersji papierowej
920 -ISBN [ , ]
    • a
    • ISBN
    • 978-83-7695-995-5 Find
    • q
    • Dopowiedzenie
    • dla wersji elektronicznej
Data inwentaryzacji Lokalizacja Status udost. Numer inwentarzowy
2023-05-22BE-2E.81166